000
00301nam a22001337a 4500
008
170411b xxu||||| |||| 00| 0 eng d
020
_a
9780683302011
041
_a
eng
080
_2
5 ED
_a
618
100
_a
10
101
_a
SHM
245
_a
GLASSS OFFICE GYNECOLOGY
_c
CURIS,M,P
942
_2
udc
_c
BK
999
_c
10366
_d
10366